00621nam a2200181Ia 4500952009900000999001700099008004100116020001500157050002400172100004000196245003200236260004700268300001800315519004400333650002700377650002800404942000700432 00104070a11b11d2010-05-18l0oF1219 7 C377 2006p11 008495r2012-06-26t1w2012-06-26yLB c72573d72573120626s9999 xx 000 0 und d a9706403086 aF1219 b7 C377 2006 aCaso, Alfonso d1896 - 1970eautor  aNahuas c/ Alfonso, Caso  aMéxico b: El Colegio Nacional c, 2006 a313 páginas aMaterial Complementario / d(11 008495) 0aNAHUAS ANTIGÜEDADES  0aAZTECAS ANTIGÜEDADES  cLB